<?xml version="1.0" encoding="UTF-8"?>
<record
    xmlns:xsi="http://www.w3.org/2001/XMLSchema-instance"
    xsi:schemaLocation="http://www.loc.gov/MARC21/slim http://www.loc.gov/standards/marcxml/schema/MARC21slim.xsd"
    xmlns="http://www.loc.gov/MARC21/slim">

  <leader>03937cam a2200373   4500500</leader>
  <controlfield tag="005">20260517000344.0</controlfield>
  <datafield tag="041" ind1=" " ind2=" ">
    <subfield code="a">fre</subfield>
  </datafield>
  <datafield tag="042" ind1=" " ind2=" ">
    <subfield code="a">dc</subfield>
  </datafield>
  <datafield tag="100" ind1="1" ind2="0">
    <subfield code="a">Tiendreb&#xE9;ogo, Justin</subfield>
    <subfield code="e">author</subfield>
  </datafield>
  <datafield tag="700" ind1="1" ind2="0">
    <subfield code="a">Drabo, Maxime Koin&#xE9;</subfield>
    <subfield code="e">author</subfield>
  </datafield>
  <datafield tag="700" ind1="1" ind2="0">
    <subfield code="a">Saizonou, Jacques</subfield>
    <subfield code="e">author</subfield>
  </datafield>
  <datafield tag="700" ind1="1" ind2="0">
    <subfield code="a">Soglohoun, Crespin Th&#xE9;odore</subfield>
    <subfield code="e">author</subfield>
  </datafield>
  <datafield tag="700" ind1="1" ind2="0">
    <subfield code="a">Para&#xEF;so, No&#xEB;l Moussiliou</subfield>
    <subfield code="e">author</subfield>
  </datafield>
  <datafield tag="700" ind1="1" ind2="0">
    <subfield code="a">Si&#xE9;, Ali</subfield>
    <subfield code="e">author</subfield>
  </datafield>
  <datafield tag="700" ind1="1" ind2="0">
    <subfield code="a">Ouedraogo, Laurent Tinoaga</subfield>
    <subfield code="e">author</subfield>
  </datafield>
  <datafield tag="700" ind1="1" ind2="0">
    <subfield code="a">Makoutod&#xE9;, Michel</subfield>
    <subfield code="e">author</subfield>
  </datafield>
  <datafield tag="245" ind1="0" ind2="0">
    <subfield code="a">Facteurs associ&#xE9;s &#xE0; la faible couverture du Traitement Pr&#xE9;ventif Intermittent chez les femmes enceintes de la zone sanitaire b&#xE9;ninoise de Pob&#xE8;-Adja-Ou&#xE8;r&#xE8;-K&#xE9;tou</subfield>
  </datafield>
  <datafield tag="260" ind1=" " ind2=" ">
    <subfield code="c">2015.
							</subfield>
  </datafield>
  <datafield tag="500" ind1=" " ind2=" ">
    <subfield code="a">5</subfield>
  </datafield>
  <datafield tag="520" ind1=" " ind2=" ">
    <subfield code="a">Les estimations de l&#x2019;Organisation Mondiale de la Sant&#xE9; font &#xE9;tat de 216&#xA0;millions d&#x2019;&#xE9;pisodes palustres en 2010 dont 81&#xA0;% dans la r&#xE9;gion Afrique. L&#x2019;un des moyens de pr&#xE9;vention pr&#xE9;conis&#xE9;s chez la femme enceinte, est le traitement pr&#xE9;ventif intermittent avec, jusqu&#x2019;en 2012, deux doses de sulfadoxine pirym&#xE9;tamine et trois s&#x2019;il s&#x2019;agit d&#x2019;une femme vivant avec le VIH. Dans la zone sanitaire b&#xE9;ninoise de Pob&#xE8;-Adja-Ou&#xE8;r&#xE8;-K&#xE9;tou, la couverture en traitement pr&#xE9;ventif intermittent reste faible (49&#xA0;% contre une pr&#xE9;vision de 80&#xA0;%) plusieurs ann&#xE9;es apr&#xE8;s la mise en place de cette strat&#xE9;gie.Pour identifier les facteurs associ&#xE9;s &#xE0; la faible couverture en traitement pr&#xE9;ventif intermittent dans cette zone, nous avons r&#xE9;alis&#xE9; une &#xE9;tude transversale en juin-juillet 2012.Au total, 339&#xA0;femmes ont &#xE9;t&#xE9; enqu&#xEA;t&#xE9;es et 48&#xA0;% d&#x2019;entre elles ont re&#xE7;u moins de deux doses de sulfadoxine pirym&#xE9;tamine au cours de leurs consultations pr&#xE9;natales. Les variables qui &#xE9;taient associ&#xE9;es &#xE0; la faible couverture en traitement pr&#xE9;ventif intermittent &#xE9;taient une faible couverture en consultation pr&#xE9;natale (p&#xA0;&lt;&#xA0;0,001) et le fait d&#x2019;avoir r&#xE9;alis&#xE9; une consultation pr&#xE9;natale dans le secteur priv&#xE9; (p&#xA0;=&#xA0;0,039).Au vu de nos r&#xE9;sultats, des actions doivent &#xEA;tre entreprises par cette zone sanitaire pour amener les femmes &#xE0; compl&#xE9;ter les quatre consultations au cours de leur grossesse.</subfield>
  </datafield>
  <datafield tag="520" ind1=" " ind2=" ">
    <subfield code="a">Factors associated with the poor coverage of Intermittent Preventive Treatment in pregnant women in the Pob&#xE8;-Adja-Ou&#xE8;r&#xE8;-K&#xE9;tou health zone in BeninWorld Health Organization estimates indicate 216 million malaria episodes in 2010, including 81% in the African region. One of the recommended means of prevention in pregnant women is intermittent preventive treatment, until 2012, two doses of sulfadoxine/pyrimethamine or three does for a woman living with HIV. In the Pob&#xE8;-Adja-Ou&#xE8;r&#xE8;-K&#xE9;tou health zone of Benin, coverage of intermittent preventive treatment remains low (49% against a forecast of 80%) several years after implementation of this strategy. We conducted a cross-sectional study in June and July 2012 to identify factors associated with low intermittent preventive treatment coverage in this area.A total of 339 women were interviewed and 48% of them received less than two doses of sulfadoxine pyrimethamine during their prenatal consultations. The variables associated with low intermittent preventive treatment coverage were low antenatal care coverage (p &lt; 0.001) and a prenatal consultation in the private sector (p = 0.039). In the light of our results, actions must be taken by this health zone to encourage women to complete the four visits during pregnancy.</subfield>
  </datafield>
  <datafield tag="690" ind1=" " ind2=" ">
    <subfield code="a">b&#xE9;nin</subfield>
  </datafield>
  <datafield tag="690" ind1=" " ind2=" ">
    <subfield code="a">femmes enceintes</subfield>
  </datafield>
  <datafield tag="690" ind1=" " ind2=" ">
    <subfield code="a">paludisme</subfield>
  </datafield>
  <datafield tag="690" ind1=" " ind2=" ">
    <subfield code="a">prise en charge pr&#xE9;natale</subfield>
  </datafield>
  <datafield tag="690" ind1=" " ind2=" ">
    <subfield code="a">th&#xE9;rapeutique</subfield>
  </datafield>
  <datafield tag="690" ind1=" " ind2=" ">
    <subfield code="a">benin</subfield>
  </datafield>
  <datafield tag="690" ind1=" " ind2=" ">
    <subfield code="a">malaria</subfield>
  </datafield>
  <datafield tag="690" ind1=" " ind2=" ">
    <subfield code="a">pregnant women</subfield>
  </datafield>
  <datafield tag="690" ind1=" " ind2=" ">
    <subfield code="a">prenatal care</subfield>
  </datafield>
  <datafield tag="690" ind1=" " ind2=" ">
    <subfield code="a">therapeutics</subfield>
  </datafield>
  <datafield tag="786" ind1="0" ind2=" ">
    <subfield code="n">Sant&#xE9; Publique | 27 | 1 | 2015-03-18 | p. 99-106 | 0995-3914</subfield>
  </datafield>
  <datafield tag="856" ind1="4" ind2="1">
    <subfield code="u">https://stm.cairn.info/revue-sante-publique-2015-1-page-99?lang=fr&amp;redirect-ssocas=7080</subfield>
  </datafield>
  <datafield tag="999" ind1=" " ind2=" ">
    <subfield code="c">2231542</subfield>
    <subfield code="d">2231542</subfield>
  </datafield>
</record>
